| 000 | 00444nam a2200169Ia 4500 | ||
|---|---|---|---|
| 008 | 230524s9999 xx 000 0 und d | ||
| 082 |
_a6.133 _bKUR |
||
| 100 | _aJames F. Kurose | ||
| 245 | 0 | _aComputer Networking (A Top-Down Approach Featuring the Internet) | |
| 250 | _a3RD | ||
| 260 |
_aNEW DELHI _bPearson _c2006 |
||
| 300 | _aXVII;789 | ||
| 500 | _aQuantity Number: 2 | ||
| 650 | _aComp-Sc | ||
| 700 | _a Keith W.Ross | ||
| 942 | _cBK | ||
| 999 |
_c36551 _d36551 |
||